00234nam a2200109Ia 4500100001600000650002700016654001500043245003000058260001400088082001000102546001200112 aelectrical  aElectrical Engineering aElectrical aElectrical Year Book 1971 bemmc2001 a621.3 aENGLISH